| 000 | 00847nam a2200157 a 4500 | ||
|---|---|---|---|
| 008 | 220624s2020 ||||||||||||||||| || u | ||
| 050 | _aUNESCWA(058)ASDR/2020 | ||
| 110 | _aUnited Nations Economic and Social Commission for Western Asia (UNESCWA) | ||
| 245 | 1 | 0 |
_aArab Sustainable Development Report 2020 _cBy United Nations Economic and Social Commission for Western Asia(UNESCWA) |
| 260 |
_aBeirut _bUNITED NATIONS _c2020 |
||
| 300 | _a237 pages : illustrations | ||
| 650 | _aSUSTAINABLE DEVELOPMENT--ARAB COUNTRIES--STATISTICS--PERIODICALS | ||
| 650 | _aSUSTAINABLE DEVELOPMENT GOALS--GOVERNMENT POLICY--PERIODICALS | ||
| 650 | _aECONOMIC DEVELOPMENT--ARAB COUNTRIES--STATISTICS--PERIODICALS | ||
| 995 |
_FCBU-MAIN LIBRARY (Kitwe) _M1 _UAVAILABLE _WJun 24, 2022 _ZInternational Publications |
||
| 999 |
_c34706 _d34706 |
||